Personnages Marvel par Image #3 - Statistiques

Statistiques générales
  • Ce quiz a été pris 113 fois
    54 depuis la dernière actualisation
  • Le résultat moyen est 12 sur 15
Statistiques - réponses
Par images Réponse % Correct
Thanos
100%
Black Panther / Panthère noir
94%
Venom
94%
Hulk
91%
Wolverine
91%
Captain America
89%
War Machine
85%
Storm / Tornade
81%
Drax
77%
The Human Torch / La torche humaine
77%
Magneto
74%
Silver Surfer / Surfeur d'argent
70%
Dormammu
62%
Quicksilver / Vif argent
57%
Jean Grey / Dark Phoenix
45%
Aucun quiz correspondant
Distribution des résultats
% des personnes avec chaque résultat
Percentile par nombre de réponses
Votre historique - résultats
Vous n’avez pas pris ce quiz depuis la dernière actualisation